Хотел ли Гитлер войны (Запись № 4585799)

Подробности
000 -МАРКЕР
контрольное поле 01505nam0a2200385 4500
001 - ИДЕНТИФИКАТОР ЗАПИСИ
контрольное поле RU\NLR\bibl\2051758
005 - ИДЕНТИФИКАТОР ВЕРСИИ
контрольное поле 20260406163123.0
010 ## - МЕЖДУНАРОДНЫЙ СТАНДАРТНЫЙ НОМЕР КНИГИ (ISBN)
Номер (ISBN) 978-5-4438-0322-7
Тираж 2500
021 ## - НОМЕР ГОСУДАРСТВЕННОЙ РЕГИСТРАЦИИ
Код страны Российская Федерация
Номер 2013-34515
Номер Листа государственной регистраци 298д/13
035 ## - ДРУГИЕ СИСТЕМНЫЕ НОМЕРА
Идентификатор записи (NLR Aleph) 002038767
100 ## - ДАННЫЕ ОБЩЕЙ ОБРАБОТКИ
Данные общей обработки 20130709d2013 u y0rusy50 ca
101 0# - ЯЗЫК РЕСУРСА
Язык текста, звукозаписи и т.д. русский
102 ## - СТРАНА ПУБЛИКАЦИИ ИЛИ ПРОИЗВОДСТВА
Страна публикации Российская Федерация
105 ## - ПОЛЕ КОДИРОВАННЫХ ДАННЫХ: ТЕКСТОВЫЕ МАТЕРИАЛЫ, МОНОГРАФИЧЕСКИЕ
Кодированные данные о монографическом текстовом документе y z|||000yy
200 1# - ЗАГЛАВИЕ И СВЕДЕНИЯ ОБ ОТВЕТСТВЕННОСТИ
Основное заглавие Хотел ли Гитлер войны
Сведения, относящиеся к заглавию беседы с Отто Штрассером
Первые сведения об ответственности Дуглас Рид
210 ## - ПУБЛИКАЦИЯ, РАСПРОСТРАНЕНИЕ И ДР.
Место издания, распространения и т.д. Москва
Имя издателя, распространителя и т. д. Алгоритм
Дата издания, распространения и т.д. 2013
215 ## - ФИЗИЧЕСКАЯ ХАРАКТЕРИСТИКА
Специфическое обозначение материала и объем 349, [2] с.
Размеры 22
225 1# - СЕРИЯ
Основное заглавие серии Мемуары Второй мировой
320 ## - ПРИМЕЧАНИЯ О НАЛИЧИИ В ДОКУМЕНТЕ БИБЛИОГРАФИИ / УКАЗАТЕЛЯ
Текст примечания Соч. Д. Рида в конце кн.
600 #1 - ИМЯ ЛИЦА КАК ПРЕДМЕТ
Начальный элемент ввода Штрассер
Часть имени, кроме начального элемента ввода О.
Даты 1897 - 1974
Расширение инициалов личного имени Отто
Системный номер авторитетной/нормативной записи 2596273
Идентификатор авторитетной/нормативной записи RU\NLR\auth\661534002
606 1# - НАИМЕНОВАНИЕ ТЕМЫ КАК ПРЕДМЕТ
Наименование темы Антисемитизм
Географический подзаголовок Германия
Хронологический подзаголовок 1933 - 1945
Системный номер авторитетной/нормативной записи 2562782
Идентификатор авторитетной/нормативной записи RU\NLR\auth\661515910
606 1# - НАИМЕНОВАНИЕ ТЕМЫ КАК ПРЕДМЕТ
Наименование темы Фашизм
Тематический подзаголовок История
Географический подзаголовок Германия
Системный номер авторитетной/нормативной записи 1565210
Идентификатор авторитетной/нормативной записи RU\NLR\AUTH\66985145
686 ## - ИНДЕКСЫ ДРУГИХ КЛАССИФИКАЦИЙ
Индекс Т3(4Г)63-8
686 ## - ИНДЕКСЫ ДРУГИХ КЛАССИФИКАЦИЙ
Индекс Т3(9=Е)0,02
700 #1 - ИМЯ ЛИЦА - ПЕРВИЧНАЯ ОТВЕТСТВЕННОСТЬ
Начальный элемент ввода Рид
Часть имени, кроме начального элемента ввода Д.
Даты 1895-
Расширение инициалов личного имени Дуглас
Код отношения Автор
702 #1 - ИМЯ ЛИЦА - ВТОРИЧНАЯ ОТВЕТСТВЕННОСТЬ
Код отношения Прочие
Графика поля Кириллица
Материалы, к которым относится поле rus
Начальный элемент ввода Штрассер
Часть имени, кроме начального элемента ввода О.
Даты 1897-1974
Расширение инициалов личного имени Отто
Идентификатор авторитетной/нормативной записи RU\NLR\AUTH\770289373
Системный номер авторитетной/нормативной записи 2695024
702 #1 - ИМЯ ЛИЦА - ВТОРИЧНАЯ ОТВЕТСТВЕННОСТЬ
Код отношения Прочие
Материалы, к которым относится поле rus
Графика поля Кириллица
Начальный элемент ввода Гитлер
Часть имени, кроме начального элемента ввода А.
Даты 1889-1945
Расширение инициалов личного имени Адольф
Идентификатор авторитетной/нормативной записи RU\NLR\AUTH\779888
Системный номер авторитетной/нормативной записи 119684
801 #0 - ИСТОЧНИК ЗАПИСИ
Страна Российская Федерация
Организация NLR
Дата составления 20130709
Правила каталогизации RCR
801 #1 - ИСТОЧНИК ЗАПИСИ
Страна Российская Федерация
Организация NLR
Дата составления 20130709
942 ## - ДОПОЛНИТЕЛЬНЫЕ ЭЛЕМЕНТЫ ЗАПИСИ (АБИС)
Тип экземпляра АБИС Книга
980 ## - КОЛЛЕКЦИЯ
Название коллекции НБР
980 ## - КОЛЛЕКЦИЯ
Название коллекции Национальная библиография

Нет доступных экземпляров.